| 000 | 00482nam a2200157 i 4500 | ||
|---|---|---|---|
| 001 | 25495 | ||
| 003 | ES-MaACL | ||
| 005 | 20230906153259.0 | ||
| 007 | t| | ||
| 008 | 021226s1954 es ||||1| spa d | ||
| 100 | 1 |
_aArce y Valladares, Manuel José. _922469 |
|
| 245 | 1 | 0 |
_aIntrospección hispánica / _cManuel José Arce y Valladares. |
| 260 |
_aSan Salvador, El Salvador : _bAteneo, _c1954. |
||
| 300 |
_a1 lám. : _bretr. aut. ; _c32 cm. |
||
| 852 |
_aES-MaACL _j1965-F-2 _bR.36644 |
||
| 999 |
_c25495 _d25495 |
||